LEADER 00908nam0-2200325---450- 001 990009274370403321 005 20101105130535.0 010 $a88-420-3017-1 035 $a000927437 035 $aFED01000927437 035 $a(Aleph)000927437FED01 035 $a000927437 100 $a20101105d1988----km-y0itay50------ba 101 0 $aita 102 $aIT 105 $ay-------001yy 200 1 $aBreve storia della retorica antica$fArmando Plebe 210 $aRoma ; Bari$cLaterza$d1988 215 $a128 p.$d18 cm 225 1 $aUniversale Laterza$v715 610 0 $aRetorica greca$aStoria 676 $a808.0481$v21$zita 700 1$aPlebe,$bArmando$f<1927- >$0120226 801 0$aIT$bUNINA$gREICAT$2UNIMARC 901 $aBK 912 $a990009274370403321 952 $aCollez. 144 (715)$b7949$fFSPBC 959 $aFSPBC 996 $aBreve storia della retorica antica$9133758 997 $aUNINA LEADER 01238nam0 22003133i 450 001 AQ10013333 005 20251003044042.0 010 $a0521345146$bhardcovers 010 $a0521347580$bpaperback 100 $a20231116d1987 ||||0itac50 ba 101 | $aeng 102 $agb 181 1$6z01$ai $bxxxe 182 1$6z01$an 183 1$6z01$anc$2RDAcarrier 200 1 $aNumerical solution of partial differential equations by the finite element method$fClaes Johnson 210 $aCambridge [etc.]$cCambridge university press$dc1987 215 $a278 p.$d23 cm. 606 $aEquazioni differenziali$xRisoluzione$xMetodo degli elementi finiti$2FIR$3CFIC033518$9I 676 $a515.353$9EQUAZIONI DIFFERENZIALI PARZIALI$v23 700 1$aJohnson$b, Claes$3AQ1V007256$4070$042623 801 3$aIT$bIT-000000$c20231116 850 $aIT-BN0095 901 $bNAP 01$cM/S $n$ 912 $aAQ10013333 950 0$aBiblioteca Centralizzata di Ateneo$c1 v.$d 01M/S (AR) 2 210$e 01AR 0070022105 VMA A4 1 v.$fY $h20231116$i20231116 977 $a 01 996 $aNumerical solution of partial differential equations by the finite element method$9264798 997 $aUNISANNIO